Etica clínica: fundamentos y aplicaciones

Salvato in:
Dettagli Bibliografici
Autore principale: Lavados M., Manuel (Autore)
Natura: Libro
Lingua:spagnolo
Pubblicazione: Santiago Eds. Universidad Católica de Chile 1993
Serie:Textos universitarios
Soggetti:
Tags: Aggiungi Tag
Nessun Tag, puoi essere il primo ad aggiungerne!!

MARC

LEADER 00000nam a2200000 a 4500
001 UCY1740
003 CL-VaPUC
008 940914e19930000CL |||||||||||||||||spa|d
082 0 4 |a 174.2  |b LAV  |2 21 
100 |a Lavados M., Manuel  |e author  |9 329735 
245 1 0 |a Etica clínica: fundamentos y aplicaciones 
300 |a 354 p 
942 |c BK 
945 |d 19940914 00:00:00  |a rbrito 
260 |a Santiago  |b Eds. Universidad Católica de Chile  |c 1993 
650 7 |a ETICA CLINICA  |2 CL-VaPUC  |9 329736 
650 0 |a Bioética  |9 256117 
583 |a last modification  |c 19940914 00:00:00  |k Rodrigo Vera 
490 0 |a Textos universitarios 
999 |c 230345  |d 230343 
952 |0 0  |1 0  |4 0  |6 174_200000000000000_LAV_1993  |7 0  |8 A  |9 232517  |a BIBTEO  |b BIBTEO  |d 2019-11-15  |i 3018199  |o 174.2 LAV 1993  |p 3018199  |r 2025-01-17  |w 2019-11-15  |y BK  |k ICR 
952 |0 0  |1 0  |4 0  |6 174_200000000000000_LAV_1993  |7 0  |8 A  |9 232518  |a BIBEDU  |b BIBEDU  |d 2019-11-15  |i 3082199  |o 174.2 LAV 1993  |p 3082199  |r 2019-11-15  |w 2019-11-15  |y BK  |k EDU